| 000 | 00672nam a2200265Ia 4500 | ||
|---|---|---|---|
| 005 | 20260121170102.0 | ||
| 008 | 008 260114s9999 xx 000 0 eng d | ||
| 020 | _a9789811005640 | ||
| 037 | _aEBOOK | ||
| 040 | _aCRL | ||
| 040 | _beng | ||
| 040 | _cCRL | ||
| 041 | _2eng | ||
| 041 | _aeng | ||
| 084 | _qCRL | ||
| 100 |
_aSongling Huang, Shen Wang, Weibin Li, Qing Wang _91059631 |
||
| 245 | 0 | _aElectromagnetic Ultrasonic Guided Waves | |
| 260 | _bSpringer | ||
| 260 | _bSpringer | ||
| 260 | _c2016 | ||
| 856 | _uhttps://link.springer.com/openurl?genre=book&isbn=978-981-10-0564-0 | ||
| 942 | _cEBOOK | ||
| 999 |
_c1625360 _d1625360 |
||